Purchasing and materials management / (Record no. 5445)

MARC details
000 -LEADER
fixed length control field 00833cam a22002532 4500
001 - CONTROL NUMBER
control field 0000001771
005 - DATE AND TIME OF LATEST TRANSACTION
control field 20151217151827.0
008 - FIXED-LENGTH DATA ELEMENTS--GENERAL INFORMATION
fixed length control field 070326s xx 000 0 eng d
020 ## - INTERNATIONAL STANDARD BOOK NUMBER
International Standard Book Number 0256103348 :
Terms of availability KES 500 (donation)
040 ## - CATALOGING SOURCE
Original cataloging agency KABU
Transcribing agency KABU
050 #0 - LIBRARY OF CONGRESS CALL NUMBER
Classification number HD39.5
Item number .L44 1993
100 1# - MAIN ENTRY--PERSONAL NAME
Personal name Leenders, Michiel R.
-- 0000150781
245 10 - TITLE STATEMENT
Title Purchasing and materials management /
Statement of responsibility, etc. Michiel R. Leenders, Harold E. Fearon.
250 ## - EDITION STATEMENT
Edition statement 10th ed.
260 ## - PUBLICATION, DISTRIBUTION, ETC. (IMPRINT)
Place of publication, distribution, etc. Chicago :
Name of publisher, distributor, etc. Irwin,
Date of publication, distribution, etc. c1993.
300 ## - PHYSICAL DESCRIPTION
Extent xxi, 682 p. ;
Dimensions 25 cm.
650 #0 - SUBJECT ADDED ENTRY--TOPICAL TERM
Topical term or geographic name as entry element Industrial procurement.
-- 0000150778
650 #0 - SUBJECT ADDED ENTRY--TOPICAL TERM
Topical term or geographic name as entry element Materials management.
-- 0000150782
700 1# - ADDED ENTRY--PERSONAL NAME
Personal name Fearon, Harold E.
-- 0000150783
908 ## - PUT COMMAND PARAMETER (RLIN)
Put command parameter 070326
950 ## - LOCAL HOLDINGS (RLIN)
-- 1
Holdings
Withdrawn status Lost status Source of classification or shelving scheme Not for loan Home library Current library Date acquired Total Checkouts Full call number Barcode Date last seen Price effective from Koha item type Total Renewals Date last checked out
    Library of Congress Classification   Kabarak, Main Campus Kabarak, Main Campus 17/12/2015   HD39.5 .L44 1993 002332 02/08/2024 17/12/2015 General Collection    
    Library of Congress Classification   Kabarak, Main Campus Kabarak, Main Campus 17/12/2015 2 HD39.5 .L44 1993 002333 02/08/2024 17/12/2015 General Collection 1 30/06/2018
    Library of Congress Classification   Kabarak, Nakuru City Campus Kabarak, Nakuru City Campus 17/12/2015 1 HD39.5 .L44 1993 c.1 002334 23/08/2022 17/12/2015 General Collection 1 15/09/2017
Designed with assistance from East African Informatics Ltd